<?xml version="1.0" encoding="UTF-8"?>
<record
    xmlns:xsi="http://www.w3.org/2001/XMLSchema-instance"
    xsi:schemaLocation="http://www.loc.gov/MARC21/slim http://www.loc.gov/standards/marcxml/schema/MARC21slim.xsd"
    xmlns="http://www.loc.gov/MARC21/slim">

  <leader>03202cam a2200337   4500500</leader>
  <controlfield tag="005">20250125011303.0</controlfield>
  <datafield tag="041" ind1=" " ind2=" ">
    <subfield code="a">fre</subfield>
  </datafield>
  <datafield tag="042" ind1=" " ind2=" ">
    <subfield code="a">dc</subfield>
  </datafield>
  <datafield tag="100" ind1="1" ind2="0">
    <subfield code="a">B&#xF6;rjesson, Mikael</subfield>
    <subfield code="e">author</subfield>
  </datafield>
  <datafield tag="700" ind1="1" ind2="0">
    <subfield code="a"> Broady, Donald</subfield>
    <subfield code="e">author</subfield>
  </datafield>
  <datafield tag="245" ind1="0" ind2="0">
    <subfield code="a">Estrategias de &#xE9;lite en un sistema unificado de educaci&#xF3;n superior. El caso de Suecia</subfield>
  </datafield>
  <datafield tag="260" ind1=" " ind2=" ">
    <subfield code="c">2016.
							</subfield>
  </datafield>
  <datafield tag="500" ind1=" " ind2=" ">
    <subfield code="a">65</subfield>
  </datafield>
  <datafield tag="520" ind1=" " ind2=" ">
    <subfield code="a">La ausencia de universidades de excelencia elitista distingue a Suecia de casi todos los dem&#xE1;s pa&#xED;ses. En la ense&#xF1;anza superior, apenas hay instituciones que destaquen sobre las dem&#xE1;s por reclutar a estudiantes procedentes de entornos sociales excepcionalmente altos o con brillantes informes acad&#xE9;micos. No se cobran tasas de matr&#xED;cula en ning&#xFA;n nivel del sistema educativo, y se conceden becas y pr&#xE9;stamos a todos los estudiantes suecos, lo que crear&#xED;a una l&#xED;nea divisoria basada en la econom&#xED;a. Dado que pr&#xE1;cticamente todas las instituciones de ense&#xF1;anza superior son p&#xFA;blicas, la oposici&#xF3;n entre privadas y p&#xFA;blicas es irrelevante. Adem&#xE1;s, en los niveles inferiores del sistema sueco hay muy pocas escuelas o canales institucionales en los que se pueda percibir f&#xE1;cilmente la preeminencia de los hijos de las &#xE9;lites actuales o que se dediquen a la selecci&#xF3;n y formaci&#xF3;n de las futuras &#xE9;lites. As&#xED;, para entender el papel que representa la educaci&#xF3;n en la reproducci&#xF3;n y producci&#xF3;n de las &#xE9;lites suecas, no es posible diferenciar un sector espec&#xED;fico de las instituciones de &#xE9;lite. Por el contrario, hay que tener en cuenta todo el sistema. Este art&#xED;culo propone analizar la educaci&#xF3;n de &#xE9;lite como un subespacio del espacio de la educaci&#xF3;n superior sueca en su conjunto, que se caracteriza por una distribuci&#xF3;n desigual de diferentes tipos de capital. Esta perspectiva tiene en cuenta la distinci&#xF3;n entre &#xE9;lites y miembros de la clase social alta, y tambi&#xE9;n las distinciones entre los distintos tipos de capital &#x2013;heredado y adquirido&#x2013;, ya sea econ&#xF3;mico, social, cultural o educativo. Consideramos que la distribuci&#xF3;n de este capital entre hombres y mujeres es central, ya que las mujeres tienden a superar cada vez m&#xE1;s a los hombres. Tambi&#xE9;n cabe destacar que en un pa&#xED;s perif&#xE9;rico como Suecia la inversi&#xF3;n educativa en recursos transnacionales tiene una importancia crucial y creciente tanto para los estudiantes como para las instituciones. Una de las principales conclusiones es que el sistema educativo sueco est&#xE1; en proceso de diferenciaci&#xF3;n y, por tanto, ya no es tan singular en relaci&#xF3;n con el resto del mundo.</subfield>
  </datafield>
  <datafield tag="690" ind1=" " ind2=" ">
    <subfield code="a">Campo de poder</subfield>
  </datafield>
  <datafield tag="690" ind1=" " ind2=" ">
    <subfield code="a">An&#xE1;lisis de correspondencia</subfield>
  </datafield>
  <datafield tag="690" ind1=" " ind2=" ">
    <subfield code="a">Educaci&#xF3;n superior</subfield>
  </datafield>
  <datafield tag="690" ind1=" " ind2=" ">
    <subfield code="a">&#xC9;lites</subfield>
  </datafield>
  <datafield tag="690" ind1=" " ind2=" ">
    <subfield code="a">Ense&#xF1;anza de &#xE9;lite</subfield>
  </datafield>
  <datafield tag="690" ind1=" " ind2=" ">
    <subfield code="a">Clases sociales</subfield>
  </datafield>
  <datafield tag="690" ind1=" " ind2=" ">
    <subfield code="a">&#xC1;rea social</subfield>
  </datafield>
  <datafield tag="690" ind1=" " ind2=" ">
    <subfield code="a">Elites</subfield>
  </datafield>
  <datafield tag="690" ind1=" " ind2=" ">
    <subfield code="a">Elite Education</subfield>
  </datafield>
  <datafield tag="690" ind1=" " ind2=" ">
    <subfield code="a">Social Space</subfield>
  </datafield>
  <datafield tag="690" ind1=" " ind2=" ">
    <subfield code="a">Correspondence Analysis</subfield>
  </datafield>
  <datafield tag="690" ind1=" " ind2=" ">
    <subfield code="a">Higher Education</subfield>
  </datafield>
  <datafield tag="690" ind1=" " ind2=" ">
    <subfield code="a">Social Classes</subfield>
  </datafield>
  <datafield tag="690" ind1=" " ind2=" ">
    <subfield code="a">Field of Power</subfield>
  </datafield>
  <datafield tag="786" ind1="0" ind2=" ">
    <subfield code="n">L'Ann&#xE9;e sociologique | 66 | 1 | 2016-01-01 | p. 115-146 | 0066-2399</subfield>
  </datafield>
  <datafield tag="856" ind1="4" ind2="1">
    <subfield code="u">https://shs.cairn.info/revista-l-annee-sociologique-2016-1-page-115?lang=es&amp;redirect-ssocas=7080</subfield>
  </datafield>
  <datafield tag="999" ind1=" " ind2=" ">
    <subfield code="c">912061</subfield>
    <subfield code="d">912061</subfield>
  </datafield>
</record>
